Pokémon 1ère génération 5 minutes sprint - Statistiques

Statistiques générales
  • Ce quiz a été pris 49 fois
  • Le résultat moyen est 91 sur 151
Statistiques - réponses
Hint Réponse % Correct
5 Reptincel
100%
4 Salamèche
100%
1 Bulbizarre
97%
8 Carabaffe
97%
7 Carapuce
97%
6 Dracaufeu
97%
3 Florizarre
97%
2 Herbizarre
97%
9 Tortank
97%
25 Pikachu
94%
26 Raichu
91%
151 Mew
88%
18 Roucarnage
88%
16 Roucool
88%
150 Mewtwo
84%
17 Roucoups
84%
10 Chenipan
81%
21 Piafabec
81%
74 Racaillou
81%
134 Aquali
78%
144 Artikodin
78%
14 Coconfort
78%
133 Evoli
78%
76 Grolem
78%
147 Minidraco
78%
12 Papilusion
78%
19 Rattata
78%
146 Sulfura
78%
59 Arcanin
75%
13 Aspicot
75%
58 Caninos
75%
148 Draco
75%
149 Dracolosse
75%
75 Gravalanch
75%
136 Pyroli
75%
22 Rapasdepic
75%
20 Rattatac
75%
11 Chrysacier
72%
15 Dardargnan
72%
145 Electhor
72%
135 Voltali
72%
101 Electrode
69%
120 Stari
69%
121 Staross
69%
100 Voltorbe
69%
94 Ectoplasma
66%
92 Fantominus
66%
66 Machoc
66%
67 Machopeur
66%
68 Mackogneur
66%
95 Onix
66%
118 Poissirène
66%
93 Spectrum
66%
63 Abra
63%
65 Alakazam
63%
64 Kadabra
63%
130 Léviator
63%
34 Nidoking
63%
31 Nidoqueen
63%
30 Nidorina
63%
33 Nidorino
63%
23 Abo
59%
129 Magicarpe
59%
43 Mystherbe
59%
44 Ortide
59%
45 Rafflésia
59%
143 Ronflex
59%
128 Tauros
59%
24 Arbok
56%
70 Boustiflor
56%
69 Chétiflor
56%
71 Empiflor
56%
38 Feunard
56%
37 Goupix
56%
126 Magmar
56%
52 Miaouss
56%
29 Nidoran femelle
56%
32 Nidoran mâle
56%
86 Otaria
56%
27 Sabelette
56%
28 Sablaireau
56%
139 Amonistar
53%
138 Amonita
53%
85 Dodrio
53%
84 Doduo
53%
99 Krabboss
53%
98 Krabby
53%
87 Lamantine
53%
113 Leveinard
53%
81 Magnéti
53%
82 Magnéton
53%
48 Mimitoss
53%
53 Persian
53%
119 Poissoroy
53%
50 Taupiqueur
53%
51 Triopikeur
53%
55 Akwakwak
50%
140 Kabuto
50%
141 Kabutops
50%
115 Kangourex
50%
124 Lippoutou
50%
131 Lokhlass
50%
35 Mélofée
50%
103 Noadkoko
50%
102 Noeunoeuf
50%
54 Psykokwak
50%
49 Aéromite
47%
125 Elektek
47%
78 Galopa
47%
89 Grotadmorv
47%
97 Hypnomade
47%
117 Hypocéan
47%
116 Hypotrempe
47%
123 Insécateur
47%
106 Kicklee
47%
36 Mélodelfe
47%
132 Métamorph
47%
42 Nosferalto
47%
41 Nosferapti
47%
77 Ponyta
47%
142 Ptéra
47%
96 Soporifik
47%
88 Tadmorv
47%
107 Tygnon
47%
57 Colossinge
44%
91 Crustabri
44%
56 Férosinge
44%
46 Paras
44%
47 Parasect
44%
137 Porygon
44%
109 Smogo
44%
110 Smogogo
44%
40 Grodoudou
41%
90 Kokiyas
41%
122 M. Mime
41%
105 Ossatueur
41%
104 Osselait
41%
111 Rhinocorne
41%
112 Rhinoféros
41%
39 Rondoudou
41%
114 Saquedeneu
41%
83 Canarticho
38%
80 Flagadoss
38%
60 Ptitard
38%
79 Ramoloss
38%
127 Scarabrute
38%
62 Tartard
38%
72 Tentacool
38%
73 Tentacruel
38%
61 Têtarte
38%
108 Excelangue
34%
Aucun quiz correspondant
Distribution des résultats
% des personnes avec chaque résultat
Percentile par nombre de réponses
Votre historique - résultats
Vous n’avez pas pris ce quiz